Catalog

Record Details

Catalog Search



Náboženské hnutí české ve 14. a 15. stol. / část I. Do Husa Cover Image Book Book

Náboženské hnutí české ve 14. a 15. stol. / Václav Novotný část I. Do Husa

Novotný, Václav (Author).

Record details

  • Physical Description: 280 s.
  • Publisher: Praha J. Otto /192-?/

Available copies

  • 1 of 1 copy available at Common Catalog SPOK.

Holds

  • 0 current holds with 1 total copy.
Show Only Available Copies
Location Call Number / Copy Notes Barcode Shelving Location Status Due Date
ETS Library 284.3 424470004456 Volný výběr Available -

LDR 00720nam a2 00241
00135652
003CZ-PrJAB
00520030724000000.0
008030723s1800 xr e |||| |cze
009cz
035 . ‡a(CONS)6082
035 . ‡aKPS11713
040 . ‡aABG450
041 . ‡acze
08214. ‡a284.3
100 . ‡73163 ‡aNovotný, Václav
245 . ‡aNáboženské hnutí české ve 14. a 15. stol. / ‡cVáclav Novotný ‡nčást I. ‡pDo Husa
260 . ‡aPraha ‡bJ. Otto ‡c/192-?/
300 . ‡a280 s.
490 . ‡aSbírka přednášek a rozprav ‡nserie VI ‡včíslo 10.
653 . ‡aNáboženské hnutí české ve 14. a 15. stol.
8524 . ‡bETS ‡bETS ‡cVolný výběr ‡j284.3 ‡gA ‡p424470004456
910 . ‡aABG450
999 . ‡a6082 ‡bAUTOGEN ‡c6082 ‡tbiblio
905 . ‡uadmin
901 . ‡a35652 ‡b ‡c35652 ‡tbiblio ‡sets

Additional Resources